Statistics for WWE Royal Rumble Entrants Quiz Omnibus #3: 2012 to 2019

Click here to take the quiz!

General Stats

  • This quiz has been taken 194 times
  • The average score is 239 of 350

Answer Stats

ENAnswerEL% Correct
2Seth Rollins25
93%
10Seth RollinsW
93%
18Seth Rollins22
93%
23Randy OrtonW
92%
29Randy Orton26
92%
26Randy Orton26
92%
24Randy Orton25
92%
35Randy Orton39
92%
28Randy Orton28
92%
19Dean Ambrose29
91%
12Dean Ambrose16
91%
25Dean Ambrose25
91%
11Dean Ambrose26
91%
14Dean Ambrose13
91%
19Roman ReignsW
91%
1Roman Reigns28
91%
28Roman Reigns29
91%
30Roman Reigns29
91%
15Roman Reigns29
91%
31Big E33
90%
5Big E4
90%
17Big E12
90%
20Big E18
90%
9Big E8
90%
29Big E Langston21
90%
17Braun Strowman20
90%
7Braun Strowman9
90%
27Braun Strowman29
90%
41Braun StrowmanW
90%
19John CenaW
90%
20John Cena28
90%
24Dolph Ziggler17
89%
1Dolph Ziggler27
89%
2Dolph Ziggler12
89%
12Dolph Ziggler8
89%
28Dolph Ziggler28
89%
18Dolph Ziggler26
89%
28Dolph Ziggler24
89%
30Dolph Ziggler24
89%
30Dolph Ziggler23
89%
8Kofi Kingston7
89%
17Kofi Kingston13
89%
10Kofi Kingston6
89%
9Kofi Kingston14
89%
4Kofi Kingston9
89%
14Kofi Kingston10
89%
16Kofi Kingston11
89%
12Kofi Kingston12
89%
11Kofi Kingston18
89%
24Kane15
88%
7Kane9
88%
24Kane26
88%
5Kane2
88%
1Daniel Bryan48
87%
21Daniel Bryan16
87%
10Daniel Bryan11
87%
29Sheamus27
87%
17Sheamus28
87%
22SheamusW
87%
11Sheamus3
87%
11Sheamus28
87%
16Sheamus13
87%
30Big Show27
86%
29Big Show27
86%
15Big Show10
86%
9Big Show6
86%
27Bray Wyatt25
86%
8Bray Wyatt13
86%
21Bray Wyatt28
86%
5Bray Wyatt24
86%
2Chris Jericho27
86%
50Chris Jericho46
86%
2Chris Jericho25
86%
29Chris Jericho29
86%
6Chris Jericho26
86%
28Rey Mysterio37
86%
27Rey Mysterio26
86%
25Rey Mysterio25
86%
14Rey Mysterio13
86%
30Rey Mysterio22
86%
18The Miz16
85%
15The Miz24
85%
1The Miz25
85%
26The Miz21
85%
28The Miz24
85%
1The Miz1
85%
25The Miz22
85%
29The Undertaker26
85%
30Triple HW
84%
20Xavier Woods11
84%
14Xavier Woods15
84%
17Xavier Woods11
84%
12Xavier Woods7
84%
26Brock Lesnar19
83%
23Brock Lesnar21
83%
12Jerry Lawler9
83%
4Luke Harper4
83%
25Luke Harper22
83%
13Luke Harper19
83%
22Luke Harper23
83%
1Sasha Banks27
83%
6Alexander Rusev3
82%
2Rusev1
82%
15Rusev28
82%
18Rusev20
82%
1Rusev12
82%
2Becky Lynch14
81%
28Becky LynchW
81%
46Kevin Owens47
81%
18Kevin Owens12
81%
22Nia Jax23
81%
30Nia Jax24
81%
29Nia Jax28
81%
14Shinsuke NakamuraW
81%
3Shinsuke Nakamura8
81%
16Drew McIntyre22
80%
6Drew McIntyre2
80%
3A.J. Styles11
79%
13Charlotte29
79%
2Finn Balor27
79%
16Goldust14
79%
29Goldust23
79%
18Goldust18
79%
10Goldust12
79%
8Goldust5
79%
8Goldust4
79%
22Antonio Cesaro18
78%
21Antonio Cesaro24
78%
15Cesaro9
78%
19Cesaro14
78%
28Cesaro22
78%
23Adam Cole19
77%
25AsukaW
77%
1CM Punk27
77%
4Cody Rhodes24
77%
4Cody Rhodes11
77%
3Cody Rhodes12
77%
21Erick Rowan17
77%
25Erick Rowan18
77%
22Mark Henry15
77%
6Mark Henry5
77%
5Mark Henry5
77%
8Sami Zayn25
77%
10Sami Zayn5
77%
20Sami Zayn16
77%
14Stardust14
77%
13Stardust15
77%
45The Great Khali42
77%
16The Great Khali10
77%
23The Great Khali14
77%
15The Great Khali14
77%
27Bayley27
76%
29Bayley24
76%
5Heath Slater4
76%
10Heath Slater11
76%
36Heath Slater34
76%
27Nikki Bella29
76%
26Alberto Del Rio23
75%
27Alberto Del Rio20
75%
28Bill Goldberg23
75%
28Brie Bella28
75%
30Trish Stratus26
75%
11Xia Li6
75%
1Big Cass3
74%
49Big Cass49
74%
20Elias41
73%
1Elias5
73%
6Elias15
73%
38Baron Corbin38
72%
13Baron Corbin21
72%
23Baron Corbin19
72%
4Baron Corbin2
72%
28BatistaW
72%
23Jey Uso17
72%
24Jey Uso20
72%
9Jimmy Uso5
72%
20Michael Cole15
72%
13R-Truth4
72%
2R-Truth2
72%
12R-Truth5
72%
3R-Truth2
72%
24Jeff Hardy21
70%
27Bad News Barrett21
69%
16Kurt Angle16
69%
4Kurt Angle2
69%
3Mandy Rose9
69%
4Mandy Rose1
69%
26Wade Barrett21
69%
18Wade Barrett20
69%
26Bobby Lashley18
68%
44Bobby Lashley45
68%
14Jinder Mahal10
68%
7Jinder Mahal3
68%
17Jinder Mahal10
68%
27Jinder Mahal19
68%
19Matt Hardy14
68%
2Natalya23
68%
18Natalya25
68%
30Ryback29
68%
26Ryback19
68%
23Ryback19
68%
9Ryback8
68%
6Curtis Axel-
66%
4Curtis Axel2
66%
5Curtis Axel3
66%
27Enzo Amore18
66%
16Hunico16
66%
5Justin Gabriel4
66%
8Samoa Joe14
66%
3Sin Cara1
66%
8Sin Cara6
66%
11Liv Morgan9
65%
4Liv Morgan1
65%
11Titus O'Neil7
65%
11Titus O'Neil6
65%
39Titus O'Neil35
65%
25Titus O'Neil20
65%
26Titus O'Neil17
65%
7Titus O'Neil3
65%
5Lita3
64%
29Sin Cara23
64%
10Tamina7
64%
7Tamina2
64%
17Booker T13
63%
21Ruby Riott20
63%
15Ruby Riott17
63%
3Sarah Logan7
63%
12Sarah Logan8
63%
26Alexa Bliss25
62%
24Beth Phoenix19
62%
17Carmella21
62%
30Carmella26
62%
2Jeff Jarrett1
62%
18Adam Rose12
61%
19Andrade27
61%
7Andrade Almas18
61%
15Bo Dallas10
61%
16Bo Dallas21
61%
5Santino Marella1
61%
9Santino Marella7
61%
21Aleister Black16
60%
13Apollo Crews6
60%
33Apollo Crews28
60%
22Apollo Crews15
60%
20Apollo Crews15
60%
25Sonya Deville19
60%
10Sonya Deville8
60%
6Johnny Gargano9
59%
14Michelle McCool13
59%
3Kalisto4
58%
16Naomi10
58%
20Naomi18
58%
47Shane McMahon44
58%
48Shelton Benjamin43
58%
22Shelton Benjamin20
58%
17Candice Lerae14
57%
5Mickie James2
57%
26Mickie James22
57%
25Zack Ryder17
56%
9Zack Ryder7
56%
3Bubba Ray Dudley3
55%
13Lana11
55%
22Rhyno25
55%
3Rhyno1
55%
12Tyson Kidd8
55%
10Epico6
53%
10Tye Dillinger8
53%
42Tye Dillinger36
53%
13Mustafa Ali23
52%
6Primo3
52%
13Primo Colon11
52%
4Tyler Breeze2
52%
30Tyler Breeze22
52%
19Kelly Kelly16
51%
14Kevin Nash9
51%
21The Hurricane16
51%
25Bobby Roode29
50%
15Darren Young8
50%
19Fandango13
50%
11Fandango10
50%
26Fandango21
50%
25Jack Swagger23
50%
7Jack Swagger6
50%
22Jack Swagger20
50%
24Jack Swagger18
50%
14Kairi Sane15
50%
6Kairi Sane4
50%
21Kharma17
50%
9David Otunga4
49%
27David Otunga22
49%
32Karl Anderson26
49%
21Luke Gallows20
49%
9Curt Hawkins7
48%
43Curt Hawkins40
48%
5Jack Gallagher1
48%
1Lacey Evans11
48%
2Alex Riley1
47%
7Mick Foley8
47%
16Neville13
47%
24Rhea Ripley21
47%
21Damien Mizdow16
46%
3Damien Sandow1
46%
20Damien Sandow22
46%
6Ember Moon24
46%
23Ember Moon20
46%
4Mojo Rawley2
46%
29Mojo Rawley27
46%
18Pete Dunne17
46%
8Nikki Cross3
45%
12Tensai7
45%
9Torrie Wilson6
45%
12Hornswoggle8
42%
17The Godfather10
42%
7Billie Kay4
41%
27Chad Gable24
41%
22Dana Brooke17
41%
8Dana Brooke5
41%
11Dash Wilder7
41%
13Ezekial Jackson11
41%
24John "Bradshaw" Layfield15
41%
9Peyton Royce5
41%
17Scott Dawson19
41%
7The Boogeyman5
41%
22Aiden English17
40%
13Brodus Clay6
40%
11James Ellsworth7
40%
16Vickie Guerrero12
40%
12Molly Holly10
39%
23Road Dogg19
38%
21Jacqueline15
37%
8Viktor6
36%
37Babatunde31
33%
8Ricardo Rodriguez5
33%
14Diamond Dallas Page9
32%
19Konnor13
32%
15Maria Kanellis12
32%
19Hacksaw Jim Duggan12
31%
34Roderick Strong30
31%
15No Way Jose10
30%
23Io Shirai22
29%
24Tucker Knight23
29%
20Zelina Vega18
29%
18Alicia Fox13
28%
20El Torito14
27%
6Mike Kanellis3
27%
10Tony Nese9
27%
23Drew Gulak17
26%
19Kacy Catanzaro16
22%
40Dan Matha32
19%
7Hiroki Sumi4
19%

Score Distribution

Percentile by Number Answered

Percent of People with Each Score

Your Score History

You have not taken this quiz